[Event "29. Intern. Travemünder Schach-Open"]
[Site "Travemünde"]
[Date "2012.12.29"]
[Round "6.3"]
[White "Maiorov, Nikita"]
[Black "Schulz, Jens"]
[Result "1/2-1/2"]
[WhiteElo "2554"]
[BlackElo "2234"]
[PlyCount "69"]
[EventDate "2012.??.??"]
[WhiteTeam "Weißrußland"]
[BlackTeam "SK Nordhorn-Blanke"]

1. d4 Nf6 2. c4 e6 3. Nc3 Bb4 4. Qc2 O-O 5. a3 Bxc3+ 6. Qxc3 d5 7. Bg5 h6 8.
Bxf6 Qxf6 9. cxd5 exd5 10. e3 Nc6 11. Be2 Bf5 12. Nf3 Be4 13. O-O Qg6 14. Rfe1
f5 15. Nh4 Qf6 16. Nf3 Qg6 17. g3 f4 18. Nd2 fxg3 19. fxg3 Kh8 20. Nxe4 dxe4
21. Rf1 Qg5 22. Rf4 Rxf4 23. exf4 Qf6 24. Rd1 Rd8 25. d5 Ne7 26. Qxc7 Rxd5 27.
Rxd5 Nxd5 28. Qe5 Qb6+ 29. Kg2 Ne3+ 30. Kh3 Qc6 31. Bh5 Qd7+ 32. g4 Qd5 33. Kh4
Qd8+ 34. Kh3 Qd5 35. Kh4 1/2-1/2

[Event "29. Intern. Travemünder Schach-Open"]
[Site "Travemünde"]
[Date "2012.12.29"]
[Round "6.5"]
[White "Ritscher, Jan-Paul"]
[Black "Fries-Nielsen, Jens Ove"]
[Result "1/2-1/2"]
[WhiteElo "2264"]
[BlackElo "2365"]
[PlyCount "143"]
[EventDate "2012.??.??"]
[WhiteTeam "SF Hamburg eV 1934"]
[BlackTeam "Diagonale Harburg"]

1. d4 Nf6 2. c4 d6 3. Nc3 Bf5 4. g3 e6 5. Bg2 d5 6. Nf3 c6 7. Nh4 Bg4 8. h3 Bh5
9. Qd3 Nbd7 10. O-O Be7 11. b3 h6 12. g4 g5 13. cxd5 Nxd5 14. Nxd5 exd5 15. Nf5
Bg6 16. Ng7+ Kf8 17. Ne6+ Ke8 18. Ng7+ Kf8 19. Ne6+ Ke8 20. Qxg6 fxg6 21. Nxd8
Rxd8 22. e4 dxe4 23. Bxe4 Kf7 24. f4 Kg7 25. Bb2 Nf6 26. Rae1 gxf4 27. Rxf4 Bd6
28. Rxf6 Kxf6 29. d5+ Kg5 30. Bxh8 cxd5 31. Bd4 dxe4 {(=)} 32. Rxe4 Rc8 33.
Bxa7 Rc2 34. Be3+ Kh4 35. g5+ Kg3 36. Re6 Rxa2 37. Bf2+ Rxf2 38. Rxd6 hxg5 39.
Rxg6 Rf7 40. Rh6 Rf5 41. Rh5 Ra5 42. Kf1 Kf3 43. Kg1 Ra1+ 44. Kh2 Ra2+ 45. Kg1
Ra5 46. b4 Rd5 47. h4 Rd1+ 48. Kh2 Rd2+ 49. Kg1 g4 50. Rf5+ Kg3 51. Kf1 Kh3 52.
Ke1 Ra2 53. h5 g3 54. h6 g2 55. Rh5+ Kg3 56. Rg5+ Kf3 57. h7 Ra1+ 58. Kd2 Rh1
59. Rf5+ Kg4 60. Rf7 Kg3 {(=)} 61. Rxb7 g1=Q 62. Rg7+ Kf2 63. Rxg1 Kxg1 64. Kd3
Rxh7 65. Kd4 Rb7 66. Kc4 Kf2 67. b5 Ke3 68. Kc5 Ke4 69. Kc6 Rb8 70. b6 Ke5 71.
Kc7 Rxb6 72. Kxb6 1/2-1/2

[Event "29. Intern. Travemünder Schach-Open"]
[Site "Travemünde"]
[Date "2012.12.29"]
[Round "6.7"]
[White "Kuhn, Gerd"]
[Black "Cordes, Hans-Joerg"]
[Result "0-1"]
[WhiteElo "2131"]
[BlackElo "2269"]
[PlyCount "78"]
[EventDate "2012.??.??"]
[WhiteTeam "Pinneberger SC 1932 eV"]
[BlackTeam "VSG 1880 Offenbach"]

1. d4 d5 2. Nf3 e6 3. Bf4 Nf6 4. e3 Be7 5. Bd3 b6 6. c3 Bb7 7. Qc2 Ne4 8. Nbd2
f5 9. h4 Nd7 10. Bxe4 fxe4 11. Ng5 Nf8 12. Qa4+ c6 13. g3 h6 14. Nh3 Nd7 15.
O-O-O b5 16. Qc2 Qa5 17. b4 Qa3+ 18. Qb2 Qa4 19. Qb3 a5 20. Qxa4 bxa4 21. a3
Ba6 22. Kb2 O-O 23. Rh2 Bf6 24. Bd6 Rf7 25. f4 exf3 26. Nxf3 axb4 27. cxb4 Re8
28. Rc1 Bb5 29. Rf2 Nb6 30. Nd2 e5 31. dxe5 Rxe5 32. Rxf6 gxf6 33. Bc5 Nd7 34.
Bd4 Ree7 35. Nf4 Ne5 36. Rc5 Rd7 37. Kc3 Rfe7 38. Nh5 Kf7 39. e4 Ng4 0-1

[Event "29. Intern. Travemünder Schach-Open"]
[Site "Travemünde"]
[Date "2012.12.29"]
[Round "6.8"]
[White "Laubsch, Bernd"]
[Black "Schuette, Marc"]
[Result "1-0"]
[WhiteElo "2309"]
[BlackElo "2215"]
[PlyCount "45"]
[EventDate "2012.??.??"]
[WhiteTeam "Post SV Uelzen"]
[BlackTeam "SK Union Oldenburg"]

1. e4 e5 2. Nf3 Nc6 3. Bb5 Bc5 4. O-O Qf6 5. c3 Nge7 6. d4 exd4 7. Bxc6 Nxc6 8.
e5 Qf5 9. cxd4 Bb6 10. d5 Nb4 11. Nc3 O-O 12. d6 c6 13. Bg5 Re8 14. Be7 Bd8 15.
Nh4 Qxe5 16. Re1 Qa5 17. Qg4 h5 18. Qg3 Nc2 19. Re5 Nxa1 20. Rxa5 Bxa5 21. Ne4
Kh8 22. Qg5 Bd8 23. Nf5 1-0

[Event "29. Intern. Travemünder Schach-Open"]
[Site "Travemünde"]
[Date "2012.12.29"]
[Round "6.10"]
[White "Weber, Max"]
[Black "Dietze, Frank-Heinz"]
[Result "0-1"]
[WhiteElo "2111"]
[BlackElo "2163"]
[PlyCount "68"]
[EventDate "2012.??.??"]
[WhiteTeam "SSC Rostock 07"]
[BlackTeam "SV Reideburg"]

1. d4 Nf6 2. c4 g6 3. g3 Bg7 4. Bg2 O-O 5. Nf3 c5 6. d5 d6 7. Nc3 e6 8. O-O
exd5 9. cxd5 a6 10. a4 Re8 11. Nd2 Nbd7 12. h3 Qc7 13. Nc4 Ne5 14. Na3 Rb8 15.
f4 Ned7 16. e4 c4 17. Be3 Nxe4 18. Nxe4 f5 19. Ng5 Rxe3 20. Ne6 Rxe6 21. dxe6
Nf6 22. e7 Bd7 23. Bd5+ Kh8 24. Bxc4 Ne4 25. Kh2 Bc6 26. Qc2 Qxe7 27. Rad1 Rc8
28. Rfe1 g5 29. Bd5 {(=)} gxf4 30. gxf4 Qh4 31. Rxe4 fxe4 32. Qxe4 Bxd5 33.
Rxd5 Qf2+ 34. Qg2 Qxf4+ 0-1

[Event "29. Intern. Travemünder Schach-Open"]
[Site "Travemünde"]
[Date "2012.12.29"]
[Round "6.11"]
[White "Bulygin, Anton"]
[Black "Ilgner, Andreas"]
[Result "0-1"]
[WhiteElo "2033"]
[BlackElo "2156"]
[PlyCount "50"]
[EventDate "2012.??.??"]
[WhiteTeam "TSV Travemünde von 1860"]
[BlackTeam "Lübecker SV von 1873"]

1. c4 e6 2. d4 d5 3. Nc3 c5 4. e3 Nf6 5. Nf3 a6 6. a4 Nc6 7. Be2 Bd6 8. O-O O-O
9. Re1 Qe7 10. Bf1 Rd8 11. h3 Bb8 12. b3 Qc7 13. g3 Ne4 14. Bb2 Nxf2 15. Kxf2
Qxg3+ 16. Ke2 cxd4 17. exd4 e5 18. cxd5 Nxd4+ 19. Nxd4 Qh2+ 20. Kd3 exd4 21.
Qe2 Bf5+ 22. Ne4 Qg3+ 23. Kc4 b5+ 24. axb5 axb5+ 25. Kxb5 Qxb3+ 0-1

[Event "29. Intern. Travemünder Schach-Open"]
[Site "Travemünde"]
[Date "2012.12.29"]
[Round "6.12"]
[White "Homuth, Manfred"]
[Black "Meyer, Thorsten"]
[Result "1-0"]
[WhiteElo "2155"]
[BlackElo "2031"]
[PlyCount "75"]
[EventDate "2012.??.??"]
[WhiteTeam "Eckernförder SC von 1921"]
[BlackTeam "Delmenhorster SK V 1931"]

1. e4 c5 2. Nf3 Nc6 3. d4 cxd4 4. Nxd4 d6 5. c4 g6 6. Nc3 Bg7 7. Be3 Nf6 8. Be2
O-O 9. O-O Bd7 10. Qd2 Re8 11. Rac1 b6 12. Rfd1 Qc7 13. f3 Rac8 14. Nd5 Qb8 15.
Nb5 Ne5 16. Nd4 Nc6 17. Nxc6 Bxc6 18. Bg5 Bxd5 19. cxd5 Rxc1 20. Rxc1 Rc8 21.
Ba6 Rxc1+ 22. Qxc1 Kf8 23. Qc6 Ng8 24. b3 Bd4+ 25. Kf1 Kg7 26. Ke2 h6 27. Bd2
Kh7 28. Kd3 Bg7 29. Be3 Nf6 30. a3 Ne8 31. Qc8 Qxc8 32. Bxc8 Bb2 33. Kc4 Bxa3
34. Kb5 Bc5 35. Bxc5 dxc5 36. e5 g5 37. Bf5+ Kg7 38. Kc6 1-0

[Event "29. Intern. Travemünder Schach-Open"]
[Site "Travemünde"]
[Date "2012.12.29"]
[Round "6.13"]
[White "Kliewe, Hans-Juergen"]
[Black "Powierski, Emil"]
[Result "0-1"]
[WhiteElo "2092"]
[BlackElo "2153"]
[PlyCount "44"]
[EventDate "2012.??.??"]
[WhiteTeam "ASV Grün-Weiß Wismar"]
[BlackTeam "Elmshorner SC von 1896"]

1. d4 Nf6 2. Bf4 e6 3. e3 c5 4. c3 b6 5. Nd2 Bb7 6. Ngf3 Be7 7. h3 O-O 8. Bd3
cxd4 9. exd4 d6 10. O-O Nbd7 11. Qe2 Re8 12. Rfe1 Nf8 13. Bb5 N8d7 14. Ng5 a6
15. Bc4 Nf8 16. Bb3 Nd5 17. Bxd5 Bxd5 18. Qh5 Bxg5 19. Bxg5 Qd7 20. Ne4 Bxe4
21. Rxe4 Qb5 22. Qg4 f5 0-1

[Event "29. Intern. Travemünder Schach-Open"]
[Site "Travemünde"]
[Date "2012.12.29"]
[Round "6.14"]
[White "Okhotnik, Vladimir"]
[Black "Krause, Benedict"]
[Result "1-0"]
[WhiteElo "2433"]
[BlackElo "2080"]
[PlyCount "43"]
[EventDate "2012.??.??"]
[WhiteTeam "SV RK Rapid Feffernitz"]
[BlackTeam "SV Bargteheide"]

1. c4 Nf6 2. Nc3 d5 3. cxd5 Nxd5 4. Nf3 g6 5. e4 Nxc3 6. dxc3 Qxd1+ 7. Kxd1 f6
8. Bc4 e5 9. Kc2 Bc5 10. b4 Bxf2 11. Rf1 Bb6 12. Bh6 Ke7 13. Nxe5 Be6 14. Bxe6
Kxe6 15. Bg7 Rg8 16. Rxf6+ Ke7 17. Rf7+ Ke6 18. Raf1 Rxg7 19. Rxg7 Kxe5 20. Rf8
a5 21. Kb3 a4+ 22. Kc2 1-0

[Event "29. Intern. Travemünder Schach-Open"]
[Site "Travemünde"]
[Date "2012.12.30"]
[Round "7.1"]
[White "Korneev, Oleg"]
[Black "Svane, Rasmus"]
[Result "1/2-1/2"]
[WhiteElo "2602"]
[BlackElo "2399"]
[PlyCount "73"]
[EventDate "2012.??.??"]
[WhiteTeam "Spanien"]
[BlackTeam "Hamburger SK von 1830 eV"]

1. e4 e6 2. d4 d5 3. Nd2 c5 4. Ngf3 cxd4 5. exd5 Qxd5 6. Bc4 Qd7 7. O-O Nc6 8.
Nb3 Nf6 9. Nbxd4 Nxd4 10. Qxd4 Qxd4 11. Nxd4 Bd7 12. Nf3 Bc5 13. Ne5 Ba4 14.
Nd3 Bd6 15. b3 Bc6 16. a4 Ng4 17. h3 Ne5 18. Nxe5 Bxe5 19. Rb1 O-O-O 20. Bg5
Bf6 21. Bxf6 gxf6 22. Rbd1 Rhg8 23. Rxd8+ Rxd8 24. Bd3 Bd5 25. b4 f5 26. f3 Kc7
27. Kf2 f4 28. Bxh7 Bc4 29. Re1 f5 30. Bg6 Rh8 31. Rd1 Rg8 32. Rd4 Ba2 33. Bxf5
exf5 34. Rxf4 Be6 35. g4 Kd6 36. Rd4+ Ke7 37. c4 1/2-1/2

[Event "29. Intern. Travemünder Schach-Open"]
[Site "Travemünde"]
[Date "2012.12.30"]
[Round "7.2"]
[White "Cordes, Hans-Joerg"]
[Black "Sergeev, Vladimir"]
[Result "1-0"]
[WhiteElo "2269"]
[BlackElo "2471"]
[PlyCount "120"]
[EventDate "2012.??.??"]
[WhiteTeam "VSG 1880 Offenbach"]
[BlackTeam "Ukraine"]

1. d4 d6 2. c4 g6 3. Nc3 Bg7 4. Nf3 Nf6 5. g3 O-O 6. Bg2 Nbd7 7. O-O c6 8. Qc2
e5 9. Rd1 Qe7 10. e4 exd4 11. Nxd4 Re8 12. Bf4 Ne5 13. b3 a6 14. h3 Rb8 15. Rd2
h6 16. Be3 c5 17. Nde2 Be6 18. Rad1 Rbd8 19. Nf4 Qc7 20. Nxe6 Rxe6 21. Nd5 Nxd5
22. Rxd5 Nc6 23. Qd2 Kh7 24. Bxc5 dxc5 25. Rxd8 Nxd8 26. Qxd8 Qxd8 27. Rxd8 Bd4
28. Kf1 b5 29. cxb5 axb5 30. Ra8 g5 31. Bf3 Rf6 32. Ke2 b4 33. a3 bxa3 34. Rxa3
Kg7 35. Ra7 h5 36. Bxh5 Rxf2+ 37. Kd3 Rg2 38. Rxf7+ Kh6 39. g4 Rg3+ 40. Kc4
Rc3+ 41. Kd5 Rxb3 42. e5 Rxh3 43. e6 Re3 44. e7 Bc3 45. Rf3 Rxe7 46. Rxc3 Rd7+
47. Kxc5 Kg7 48. Re3 Rd1 49. Re7+ Kh6 50. Re6+ Kh7 51. Rg6 Ra1 52. Kb4 Rb1+ 53.
Kc4 Rc1+ 54. Kd4 Rd1+ 55. Ke4 Re1+ 56. Kf5 Re7 57. Kxg5 Ra7 58. Rb6 Kg7 59. Bg6
Ra5+ 60. Bf5 Ra7 1-0

[Event "29. Intern. Travemünder Schach-Open"]
[Site "Travemünde"]
[Date "2012.12.30"]
[Round "7.3"]
[White "Vogel, Robert"]
[Black "Leisner, Hannes"]
[Result "1/2-1/2"]
[WhiteElo "2253"]
[BlackElo "2197"]
[PlyCount "80"]
[EventDate "2012.??.??"]
[WhiteTeam "SGem Pang/Rosenheim"]
[BlackTeam "Greifswalder SV"]

1. d4 Nf6 2. c4 g6 3. Nc3 d5 4. Nf3 Bg7 5. e3 O-O 6. Bd2 c5 7. dxc5 Na6 8. cxd5
Nxc5 9. Bc4 a6 10. a4 Bf5 11. O-O Rc8 12. Qe2 Nfe4 13. Nxe4 Bxe4 14. Bb4 Nxa4
15. Rxa4 b5 16. Ba5 Qd6 17. Bxb5 Bxf3 18. gxf3 axb5 19. Qxb5 Rc5 20. Qe2 Rxd5
21. Bc3 Bxc3 22. bxc3 Rc8 23. Rc1 Rd2 24. Qe1 Rd5 25. Rd4 Rg5+ 26. Kh1 Qe6 27.
Qe2 Qh3 28. Rg4 Rh5 29. Rg2 Rhc5 30. c4 h5 31. Rgg1 Qe6 32. Rgd1 Rxc4 33. Rxc4
Rxc4 34. Qb2 Rc8 35. Kg2 Qf5 36. Qb7 Qg5+ 37. Kh1 Qf5 38. Qe4 Qf6 39. Kg2 Kg7
40. Qd4 Qxd4 1/2-1/2

[Event "29. Intern. Travemünder Schach-Open"]
[Site "Travemünde"]
[Date "2012.12.30"]
[Round "7.4"]
[White "Ilgner, Andreas"]
[Black "Maiorov, Nikita"]
[Result "0-1"]
[WhiteElo "2156"]
[BlackElo "2554"]
[PlyCount "106"]
[EventDate "2012.??.??"]
[WhiteTeam "Lübecker SV von 1873"]
[BlackTeam "Weißrußland"]

1. d4 Nf6 2. Nf3 e6 3. e3 b6 4. Bd3 Bb7 5. O-O c5 6. Nbd2 cxd4 7. exd4 Be7 8.
c3 O-O 9. Qe2 d6 10. Ne4 Nbd7 11. Bf4 Qc7 12. Nxf6+ Nxf6 13. h3 Bc6 14. Rfe1
Qb7 15. Ba6 Qd7 16. Bd3 b5 17. Nd2 Nd5 18. Bh2 Rfe8 19. Nf1 Qb7 20. Ne3 Nxe3
21. fxe3 f5 22. c4 bxc4 23. Bxc4 Bf8 24. Rac1 Be4 25. Rc3 Kh8 26. Rec1 e5 27.
Ba6 Qf7 28. dxe5 dxe5 29. Rc7 Qf6 30. Bb7 Bxb7 31. Rxb7 Rac8 32. Rbc7 Rxc7 33.
Rxc7 Qh6 34. Rc3 Bb4 35. Rd3 Qc6 36. a3 Ba5 37. b4 Bb6 38. Kh1 h6 39. Qd2 f4
40. Bg1 Rc8 41. Qd1 e4 42. Rd6 Qe8 43. Qg4 Rc3 44. Re6 Qf7 45. Rd6 Bxe3 46.
Rd8+ Kh7 47. Rd1 h5 48. Qe2 Rxa3 49. Bxe3 Rxe3 50. Qf2 Rb3 51. Qd4 Qf5 52. Re1
f3 53. g4 f2 0-1

[Event "29. Intern. Travemünder Schach-Open"]
[Site "Travemünde"]
[Date "2012.12.30"]
[Round "7.5"]
[White "Schulz, Jens"]
[Black "Mainka, Romuald"]
[Result "0-1"]
[WhiteElo "2234"]
[BlackElo "2457"]
[PlyCount "72"]
[EventDate "2012.??.??"]
[WhiteTeam "SK Nordhorn-Blanke"]
[BlackTeam "SC Hansa Dortmund e.V."]

1. e4 c5 2. Nf3 Nc6 3. d4 cxd4 4. Nxd4 e6 5. Nxc6 bxc6 6. Bd3 Nf6 7. O-O d5 8.
Nd2 Be7 9. Qe2 O-O 10. e5 Nd7 11. Nf3 Nc5 12. Nd4 Bd7 13. Qg4 f5 14. Qg3 Kh8
15. Nf3 Rb8 16. b3 Rb4 17. h3 Ne4 18. Bxe4 fxe4 19. Nh2 Rb7 20. a4 Be8 21. Qe3
c5 22. f3 Bg6 23. fxe4 Bxe4 24. Ba3 Rc7 25. Rxf8+ Qxf8 26. Rf1 Qe8 27. Rf2 h6
28. Ng4 Bg5 29. Qe1 Bh4 30. Qa5 Bxf2+ 31. Nxf2 Qc6 32. c4 a6 33. Bc1 Rd7 34.
Qe1 Bf5 35. g4 Bg6 36. g5 h5 0-1

[Event "29. Intern. Travemünder Schach-Open"]
[Site "Travemünde"]
[Date "2012.12.30"]
[Round "7.6"]
[White "Powierski, Emil"]
[Black "Voloshin, Leonid"]
[Result "0-1"]
[WhiteElo "2153"]
[BlackElo "2426"]
[PlyCount "98"]
[EventDate "2012.??.??"]
[WhiteTeam "Elmshorner SC von 1896"]
[BlackTeam "Tchechien"]

1. e4 d6 2. d4 Nf6 3. Nc3 e5 4. Nf3 Nbd7 5. Bc4 Be7 6. O-O O-O 7. a4 c6 8. Qe2
exd4 9. Nxd4 Re8 10. Qd1 Bf8 11. Re1 a5 12. h3 Nc5 13. Bg5 h6 14. Bxf6 Qxf6 15.
Re3 Re7 16. Qd2 Bd7 17. Rd1 Rae8 18. Rf3 Qg6 19. Qf4 Nxe4 20. Nxe4 d5 21. Bxd5
cxd5 22. Ng3 Qg5 23. b3 Re1+ 24. Rxe1 Rxe1+ 25. Kh2 Qxf4 26. Rxf4 Bd6 27. Rf3
h5 28. Ndf5 Bxf5 29. Rxf5 h4 30. Rxd5 hxg3+ 31. fxg3 Be5 32. Rxa5 Re3 33. Kg1
Bxg3 34. Rf5 Re1+ 35. Rf1 Bh2+ 36. Kf2 Bg3+ 37. Kg1 Re2 38. Rf3 Be5 39. c4 Rb2
40. Rd3 f6 41. Rf3 Kf7 42. Kf1 Ke6 43. g4 g6 44. Kg1 Bd4+ 45. Kf1 Ke5 46. h4
Ke4 47. Rh3 f5 48. gxf5 gxf5 49. h5 f4 0-1

[Event "29. Intern. Travemünder Schach-Open"]
[Site "Travemünde"]
[Date "2012.12.30"]
[Round "7.8"]
[White "Dietze, Frank-Heinz"]
[Black "Laubsch, Bernd"]
[Result "0-1"]
[WhiteElo "2163"]
[BlackElo "2309"]
[PlyCount "124"]
[EventDate "2012.??.??"]
[WhiteTeam "SV Reideburg"]
[BlackTeam "Post SV Uelzen"]

1. d4 Nf6 2. Nf3 g6 3. c4 Bg7 4. Nc3 d5 5. e3 O-O 6. Bd2 c6 7. h3 a6 8. b3 b5
9. cxd5 cxd5 10. Bd3 Bb7 11. O-O Nbd7 12. Qb1 Ne8 13. Rc1 Nd6 14. Ne2 a5 15.
Nc3 Qb6 16. a4 b4 17. Nb5 Ne4 18. Be1 f5 19. Rc7 Bc6 20. Qc2 Nc3 21. Nxc3 bxc3
22. Rxc6 Qxc6 23. Bb5 Qc7 24. Qxc3 Qxc3 25. Bxc3 Nf6 26. b4 Rfc8 27. Be1 axb4
28. Bxb4 Rc7 29. Ng5 Rac8 30. Ne6 Rc1+ 31. Rxc1 Rxc1+ 32. Kh2 Ne4 33. f3 Nc3
34. Bc5 Ra1 35. Bc6 Bf6 36. Bb4 Nxa4 37. Bxd5 Nb6 38. Bb3 Rb1 39. Nc5+ Kg7 40.
Ba5 Nc8 41. e4 fxe4 42. fxe4 Bg5 43. Ne6+ Kh6 44. Nxg5 Kxg5 45. Be6 Nb6 46. d5
Kf4 47. Bg8 Kxe4 48. Bxh7 Kxd5 49. Bxg6 Rb5 50. Be1 Nd7 51. Be8 Rb7 52. g4 Ne5
53. Bc3 Rb3 54. Bxe5 Kxe5 55. g5 Kf4 56. Kg1 Kg3 57. Kf1 Kxh3 58. Bd7+ Kh2 59.
Bf5 Rg3 60. Be4 Rg4 61. Bd3 Kg3 62. Ke2 Kf4 0-1

[Event "29. Intern. Travemünder Schach-Open"]
[Site "Travemünde"]
[Date "2012.12.30"]
[Round "7.9"]
[White "Schmidt, Harald"]
[Black "Ritscher, Jan-Paul"]
[Result "0-1"]
[WhiteElo "2365"]
[BlackElo "2264"]
[PlyCount "68"]
[EventDate "2012.??.??"]
[WhiteTeam "Lübecker SV von 1873"]
[BlackTeam "SF Hamburg eV 1934"]

1. d4 f5 2. Qd3 d5 3. c4 e6 4. Nc3 Nf6 5. Bf4 Bd6 6. Bxd6 Qxd6 7. a3 O-O 8. Nf3
c6 9. g3 Ne4 10. Bg2 Nd7 11. O-O b6 12. cxd5 exd5 13. Rac1 Bb7 14. e3 Rae8 15.
Rfd1 g5 16. Qc2 Qe7 17. Qa4 Nxf2 18. Kxf2 Qxe3+ 19. Kf1 a5 20. b4 g4 21. b5
gxf3 22. Bh1 Nf6 23. Qc2 Ne4 24. Rd3 Qg5 25. Rxf3 Nd2+ 26. Kf2 Nxf3 27. Bxf3
cxb5 28. Rd1 f4 29. g4 b4 30. axb4 axb4 31. Nb5 Re3 32. Kg2 Rc8 33. Qf2 Qe7 34.
Ra1 b3 0-1

[Event "29. Intern. Travemünder Schach-Open"]
[Site "Travemünde"]
[Date "2012.12.30"]
[Round "7.10"]
[White "Dahlhaus, Friedhelm"]
[Black "Okhotnik, Vladimir"]
[Result "0-1"]
[WhiteElo "2095"]
[BlackElo "2433"]
[PlyCount "108"]
[EventDate "2012.??.??"]
[WhiteTeam "DJK Wacker Bergeborbeck 1922"]
[BlackTeam "SV RK Rapid Feffernitz"]

1. e4 c6 2. d4 d5 3. exd5 cxd5 4. Bd3 Nc6 5. c3 Qc7 6. Ne2 Bg4 7. Bf4 Qxf4 8.
Nxf4 Bxd1 9. Kxd1 O-O-O 10. Re1 Nf6 11. Nd2 e6 12. Bb5 Bd6 13. Nd3 g5 14. Kc2
g4 15. Bxc6 bxc6 16. Re3 h5 17. h3 Rdg8 18. h4 Nd7 19. b4 g3 20. Rf1 gxf2 21.
Rxf2 Rg7 22. Nf3 Nf6 23. Nfe5 Ne4 24. Rxf7 Rhg8 25. Rxg7 Rxg7 26. Nf4 Bxe5 27.
dxe5 Kd7 28. Nxh5 Rxg2+ 29. Kb1 Ke7 30. Rh3 Rf2 31. a4 Nd2+ 32. Kc1 Nf3 33. Rg3
Nxe5 34. Rg7+ Nf7 35. Ng3 Rf3 36. Kd2 Kf6 37. Rg8 Rf2+ 38. Ke3 Rh2 39. h5 Nd6
40. Rg6+ Kf7 41. Rg4 e5 42. Rg6 Nc4+ 43. Kf3 e4+ 44. Kf4 Rf2+ 45. Kg5 Ne5 46.
Rh6 e3 47. Rh7+ Ke6 48. Rh6+ Kd7 49. Rh7+ Nf7+ 50. Kg4 Ke6 51. Rg7 e2 52. Rg6+
Ke7 53. Nxe2 Rxe2 54. Kf3 Rc2 0-1

[Event "29. Intern. Travemünder Schach-Open"]
[Site "Travemnde"]
[Date "2012.12.30"]
[Round "7.43"]
[White "Luebeck, Stephan"]
[Black "Thomasson, Staffan"]
[Result "1-0"]
[WhiteElo "1994"]
[BlackElo "1878"]
[PlyCount "89"]
[EventDate "2012.??.??"]
[WhiteTeam "Lbecker SV von 1873"]
[BlackTeam "Astorp SS"]

1. d4 g6 2. Nf3 Bg7 3. c3 d6 4. e4 Nd7 5. Bg5 h6 6. Bh4 c5 7. d5 Ngf6 8. Nbd2
O-O 9. Be2 a6 10. a4 Rb8 11. a5 Nh5 12. O-O Nf4 13. Bc4 g5 14. Bg3 Ng6 15. Re1
b5 16. axb6 Qxb6 17. Ra2 a5 18. Qc2 Bf6 19. Bf1 Ba6 20. Nc4 Bxc4 21. Bxc4 h5
22. h3 Kg7 23. Nd2 Rh8 24. Bf1 Nde5 25. Bxe5 Nxe5 26. Rea1 g4 27. Nc4 Nxc4 28.
Bxc4 gxh3 29. gxh3 Rh6 30. Kh1 Be5 31. Rg1+ Kh7 32. Qd2 Rg6 33. f4 Bf6 34. Qe2
Kh6 35. Qf3 Rbg8 36. Rxg6+ Rxg6 37. b3 Qd8 38. Be2 h4 39. e5 Bh8 40. Qh5+ Kg7
41. Bf3 Kg8 42. e6 Rg7 43. Rg2 fxe6 44. dxe6 Qf8 45. Be4 1-0